| 000 | 00751nam a2200229Ia 4500 | ||
|---|---|---|---|
| 003 | OSt | ||
| 005 | 20230715101842.0 | ||
| 008 | 210716s2014 xx 000 0 und d | ||
| 020 | _a9780070445321 | ||
| 040 | _cAIMIT LIBRARY | ||
| 041 | _aeng | ||
| 082 |
_a004.694 _21 _bWHID |
||
| 100 |
_aWhiteley, David. _9127111 |
||
| 245 |
_aE commerce: _bstrategy technologies and applications / _cBy David Whiteley. |
||
| 250 | _a1st ed. | ||
| 260 |
_aNew Delhi : _bTata McGraw Hill Education Private Limited , _c2014. |
||
| 300 |
_axvi,259p. ; _bPB _c24 cm. |
||
| 650 |
_aBusiness strategy in an electronic age _9127112 |
||
| 650 |
_aElectronic markets _9127113 |
||
| 650 |
_aElectronic data interchange _9127114 |
||
| 942 |
_2ddc _cBK _e1st ed. _k004.694 WHID |
||
| 999 |
_c195201 _d195201 |
||